| 000 | 00790nam a2200241 a 4500 | ||
|---|---|---|---|
| 001 | 000022018 | ||
| 005 | 20200930011539.0 | ||
| 008 | 100915s1974 sp r 000 f spa d | ||
| 020 | _a8402036279 | ||
| 040 |
_aDO-SdBNP _bspa _cBNPHU |
||
| 082 |
_a891.744 _bS689p, 1974 |
||
| 100 | 1 |
_aSolschenitzin, Alexander, _d1918-2008. _945650 |
|
| 245 | 1 | 0 |
_aPor el bien de la causa / _cAlexander Solschenitzin ; traducción de José Manuel Pomares, Pilar Giralt, Ramón Ibero. |
| 250 | _a2a ed. | ||
| 260 |
_aBarcelona : _bBruguera, _c1974. |
||
| 300 |
_a331, [5] p. ; _c18 cm. |
||
| 490 | 1 |
_aLibro amigo ; _v265 |
|
| 586 | _aPremio Nobel de Literatura, 1970 | ||
| 650 | 4 |
_aNovela rusa _94742 |
|
| 650 | 4 |
_aLiteratura rusa _ySIGLO XX _941289 |
|
| 830 | 0 |
_aLibro amigo _v265 _913799 |
|
| 049 | _aBNGR | ||
| 999 |
_c21516 _d21516 |
||